Fortune e sfortune della famosa Moll Flanders /
Gorde:
| Egile nagusia: | |
|---|---|
| Beste egile batzuk: | , , |
| Formatua: | Liburua |
| Hizkuntza: | italiera |
| Argitaratua: |
Milano :
Rizzoli,
1996
|
| Edizioa: | 3. ed |
| Saila: | BUR. L ;
335 |
| Etiketak: |
Etiketarik gabe, Izan zaitez lehena erregistro honi etiketa jartzen!
|
MARC
| LEADER | 00000nam a22000007i 4500 | ||
|---|---|---|---|
| 001 | IT\ICCU\UBO\2953555 | ||
| 003 | ItRI | ||
| 005 | 20260115231901.0 | ||
| 008 | 060410s1996 it |||||| ||||| |||||c | ||
| 020 | |a 8817123358 | ||
| 040 | |b ita |c importazione bologna sebina | ||
| 041 | 7 | |a ita |2 ISO-639-2 | |
| 100 | 1 | |a Defoe, Daniel |0 IT\ICCU\CFIV\000419 |4 aut | |
| 240 | 1 | 4 | |a The fortunes and misfortunes of the famous Moll Flanders |3 IT\ICCU\CFI\0061409 |9 Defoe, Daniel |
| 245 | 1 | 0 | |a Fortune e sfortune della famosa Moll Flanders / |c Daniel Defoe ; introduzione di Virginia ; apparati critici di Attilio Brilli ; traduzione di Ugo Dettore. |
| 250 | |a 3. ed | ||
| 260 | |a Milano : |b Rizzoli, |c 1996 | ||
| 300 | |a XXIX, 334 p. ; |c 18 cm. | ||
| 700 | 1 | |a Brilli, Attilio |0 IT\ICCU\CFIV\027936 | |
| 700 | 1 | |a Dèttore, Ugo |0 IT\ICCU\CFIV\105365 | |
| 700 | 1 | |a Woolf, Virginia |0 IT\ICCU\CFIV\016490 | |
| 790 | 1 | |a De Foe, Daniel |3 IT\ICCU\CFIV\008943 |z Defoe, Daniel | |
| 790 | 1 | |a Di Foe, Daniele |3 IT\ICCU\CFIV\287633 |z Defoe, Daniel | |
| 790 | 1 | |a Johnson, Charles |c (captain) |3 IT\ICCU\UBOV\776117 |z Defoe, Daniel | |
| 790 | 1 | |a Stephen, Adeline Virginia |3 IT\ICCU\SBNV\060338 |z Woolf, Virginia | |
| 790 | 1 | |a Vulf, Virdzinija |3 IT\ICCU\RT1V\007853 |z Woolf, Virginia | |
| 790 | 1 | |a Wolf, Virginia |3 IT\ICCU\CFIV\211985 |z Woolf, Virginia | |
| 790 | 1 | |a Woolf, Virginia Stephen |3 IT\ICCU\MILV\249757 |z Woolf, Virginia | |
| 830 | 0 | |a BUR. L ; |v 335 |0 IT\ICCU\CFI\0001852 | |
| 942 | |2 ddc |c BK |n 0 | ||
| 952 | |0 0 |1 0 |4 0 |6 DOC_823_500000000000000_DEF |7 0 |9 15280 |a BO |b BO |d 2026-01-15 |i 9697 |l 0 |o DOC 823.5 DEF |p BO9697 |r 2026-01-15 23:19:01 |w 2026-01-15 |x [Sebina 5] [1 v.] |y BK |z 1 v. | ||
| 999 | |c 13153 |d 13153 | ||